Welcome to WEB OPAC of MRSPTU Central Library

Applied Indian communication technique (Record no. 4145)

MARC details
000 -LEADER
fixed length control field 00363nam a2200145Ia 4500
008 - FIXED-LENGTH DATA ELEMENTS--GENERAL INFORMATION
fixed length control field 230711s9999||||xx |||||||||||||| ||und||
041 ## - LANGUAGE CODE
Language code of text/sound track or separate title ENG
082 ## - DEWEY DECIMAL CLASSIFICATION NUMBER
Classification number 425
Item number PR-I
100 ## - MAIN ENTRY--PERSONAL NAME
Personal name Prasad,P
245 #0 - TITLE STATEMENT
Title Applied Indian communication technique
250 ## - EDITION STATEMENT
Edition statement 1st Ed.
260 ## - PUBLICATION, DISTRIBUTION, ETC.
Date of publication, distribution, etc. 2002
Place of publication, distribution, etc. New Delhi
Name of publisher, distributor, etc. S.K Kataria & Sons
650 ## - SUBJECT ADDED ENTRY--TOPICAL TERM
Topical term or geographic name entry element COMMUNICATION SKILL
942 ## - ADDED ENTRY ELEMENTS (KOHA)
Koha item type Book
Holdings
Withdrawn status Lost status Damaged status Not for loan Collection Home library Current library Date acquired Total checkouts Full call number Barcode Date last seen Price effective from Koha item type
          MRSPTU Central Library MRSPTU Central Library     425 PR-I 13936 08/17/2023 08/17/2023 Book
          MRSPTU Central Library MRSPTU Central Library     425 PR-I 13937 08/17/2023 08/17/2023 Book
          MRSPTU Central Library MRSPTU Central Library     425 PR-I 13938 08/17/2023 08/17/2023 Book
          MRSPTU Central Library MRSPTU Central Library     425 PR-I 13939 08/17/2023 08/17/2023 Book
          MRSPTU Central Library MRSPTU Central Library     425 PR-I 13940 08/17/2023 08/17/2023 Book

Website Designed and Developed by MRSPTU Central Library Team

E-mail Id: librarian@mrsptu.ac.in